000 01149nam a2200265 a 4500
003 BD-DhJNU
005 20260126050012.0
008 251108s2020 bg |||g |||| 000 1|ben|d
020 _a9789848799086
020 _a9789848799093
040 _aBD-DhJNU
_bben
_cBD-DhJNU
_dBD-DhJNU
041 _aben
082 _a701.12 SOU
_223
242 1 0 _aBeauty, Arts and Aesthetics (Vol: 4-5)/
_cM Matiur Rahman
245 1 0 _aসৌন্দর্য শিল্পকলা ও নন্দনতত্ত্ব (৪-৫ খন্ড) /
_cএম মতিউর রহমান (সম্পাদক)
246 _aSoundorjo shilpokola o nondonototto (4-5 khondo)
250 _a1st ed.
260 _aঢাকা :
_bঅবসর,
_c2020.
300 _a৩৮৪ পৃ. :
_bচিত্র ;
_c২২ সেমি.।
504 _aগ্রন্থপঞ্জিগত নির্দেশিকা ও নিঘন্ট অন্তভূক্ত
650 _aশিল্পকলা
650 _aনন্দনতত্ত্ব
700 a _aরহমান, এম মতিউর
_e[সম্পাদক]
942 _cBK
_2ddc
999 _c2559
_d2559